000 00771cab a2200217 4500
001 A192
008 090401t1972 xxu||||| |||| 00| 0 eng d
035 _a(Sirsi) u27609
041 _aeng
100 _aSmith, Terry
245 _aMineral valuation: an art or a science?
260 _c1972
350 _a0
490 _aChartered Surveyor
_v104(9) March 1972, 452-457(6)
520 _aDiscusses the practical problems of valuing minerals and describes the factors affecting valutions for different purposes - including rating, purchase, estate duty and lease, compulsory acquisition and severence and injurious affection.
650 _aMINERAL VALUATION
690 _aMINING AND MINERALS
690 _aRATING AND VALUATION
942 _n0
948 _c04/03/1997
999 _c18590
_d18590